Stolice stanów USA cz.2 - Statystyki

Ogólne statystyki
  • Ten quiz został rozwiązany 25 razy
  • Średni wynik to 11 z 18
Statystyki odpowiedzi
Stolica Stan % Poprawnych
Juneau Alaska
79%
Tallahassee Floryda
79%
Austin Teksas
74%
Salem Oregon
68%
Columbus Ohio
63%
Harrisburg Pensylwania
63%
Nashville Tennessee
63%
Montgomery Alabama
58%
Springfield Illinois
58%
Columbia Karolina Południowa
58%
Jackson Missisipi
58%
Helena Montana
58%
Lincoln Nebraska
58%
Augusta Maine
53%
Charleston Wirginia Zachodnia
53%
Frankfort Kentucky
47%
Jefferson City Missouri
47%
Hartford Connecticut
37%
Nie znaleziono quizów pasujących do podanych kryteriów
Rozkład punktacji
Procent ludzi z każdym wynikiem
Percentyl według liczby udzielonych odpowiedzi
Twoja historia wyników
Nie rozwiązałeś tego quizu